• 首页
  • 本馆介绍
  • 公告通知
  • 最新文献
  • 馆藏检索
  • 电子资源
  • 读者导购
  • 参考咨询
  • 我的图书馆
  • 登录
  • 详细信息显示
  • 放入我的书架
  • 预约/预借图书
  • 作者相关作品
  • 分类相关作品
  • 丛书相关作品
  • 出版社相关作品

书目信息

  • 表格格式
  • 工作单格式
  • 卡片格式
题名:
高校英语专业八级考试准备指南
    
 
作者: 段云礼 主编
分册:  
出版信息: 天津   南开大学出版社  1997
页数: 594页
开本: 20cm
丛书名:
单 册:
中图分类: H31
科图分类: 41.68
主题词: 英语--高等学校--自学参考资料
电子资源:
ISBN: 7-310-00845-6
000 00687nam0 2200229 45
001 0197031271
005 20070619170249.90
010    @a7-310-00845-6@dCNY22.00
100    @a19971006d1997 em y0chiy0121 ea
101 0  @achi@aeng
102    @aCN@b120000
105    @ay zq 000yy
200 10 @a高校英语专业八级考试准备指南@Agao xiao ying yu zhuan ye ba ji kao shi zhun bei zhi nan@f段云礼主编
210    @a天津@c南开大学出版社@d1997
215    @a594页@d20cm
510 1  @aPreparation guide for TEM-8@zeng
606    @a英语@x高等学校@x自学参考资料
690    @aH31@v3
692    @a41.68@v2
701  0 @a段云礼@Aduan yun li@4主编
801  0 @aCN@bTSSF@c20070619
905    @a10447@dH31@e1086
    
    高校英语专业八级考试准备指南/段云礼主编.-天津:南开大学出版社,1997
    594页;20cm
    
    
    ISBN 7-310-00845-6:CNY22.00
    
●
相关链接 在E读中查询图书 在五车中查询图书 在当当中查询图书 在豆瓣中查询图书


正题名:高校英语专业八级考试准备指南     索取号:H31/1086         预约/预借

序号 登录号 条形码 馆藏地/架位号 状态 备注
1 0654830   206548306   第二样本阅览室/ [索取号:H31/1086] 在馆    
唐山师范学院图书馆 欢迎您!
大连网信软件有限公司© 版权所有